00653nam a2200205Ia 4500952013500000999001500135003000400150005001700154008004100171020001800212040000900230082001700239100003000256245004500286250001200331260004400343300000900387650001100396942004000407 00102ddc40708BIOLOGYaMESbMEScBOTANYd2019-02-20g295.00l0o574.5 KOR/Cp32393r2019-02-20 00:00:00w2019-02-20yBKzGL18R2 c1712d1712OSt20200925115238.0190216s9999||||xx |||||||||||||| ||und|| a9788120311480 coclc a574.5bKOR/C aKormondy, Edward J 94999 0aConcepts Of Ecology /cEdward J Kormondy a4th Ed. bPrentice Hall India,c2006.aNew Delhi: a559p aBotany cBK2ddch574.5iKOR/Ck574.5mKOR/C